Personnages du MCU par temps d'écran de chaque films - Statistiques

Statistiques générales
  • Ce quiz a été pris 955 fois
  • Le résultat moyen est 98 sur 228
Statistiques - réponses
Temps (min) Personnage % Correct
00:30 | 17:00 | 27:15 | +6 others Iron Man / Tony Stark
99%
17:15 | 20:00 | 21:45 | +2 others Hulk / Bruce Banner
95%
21:45 | 28:15 | 38:15 | +3 others Captain America / Steve Rogers
94%
Thor
93%
42:30 | 50:30 Ant-Man / Scott Lang
90%
12:00 | 18:00 | 24:45 | +2 others Black Widow / Natasha Romanoff
88%
76:15 | 7:15 | 8:30 Spider-Man / Peter Parker
88%
13:30 | 17:30 | 21:15 | +2 others Loki
87%
11:30 | 3:30 | 48:00 Black Panther / T'Challa
85%
11:15 | 73:30 Doctor Strange / Stephen Strange
83%
14:00 | 14:45 | 4:00 Groot
83%
Ant-Man
81%
20:00 | 24:00 | 31:00 Gamora
81%
10:15 | 35:45 | 46:45 Star-Lord / Peter Quill
81%
31:00 Thanos
81%
Iron Man
80%
19:30 | 19:45 | 6:15 Rocket
79%
15:00 Hawkeye / Clint Barton
77%
Doctor Strange
76%
12:45 Hawkeye / Clint Barton
76%
8:00 Bucky Barnes
74%
18:00 Pepper Potts
74%
35:00 La Guêpe / Hope Van Dyne
73%
Black Panther
72%
15:30 | 18:15 | 5:30 Nick Fury
72%
11:15 | 3:45 | 9:00 Odin
72%
16:30 | 18:00 | 5:45 Drax
71%
10:00 | 6:15 | 7:15 Vision
66%
17:00 Ultron
65%
10:30 | 4:30 Nebula
63%
9:45 War Machine / James Rhodes
63%
10:45 | 12:00 | 9:00 La Sorcière Rouge / Wanda Maximoff
62%
18:45 | 8:15 War Machine / James Rhodes
62%
10:15 | 14:15 | 2:45 Faucon / Sam Wilson
54%
17:30 | 23:15 Pepper Potts
54%
21:00 | 25:00 Jane Foster
50%
11:00 | 5:45 Mantis
50%
17:15 Peggy Carter
49%
10:00 Vif-Argent / Pietro Maximoff
48%
15:30 Crâne Rouge / Johann Schmidt
46%
14:30 Shuri
46%
23:45 | 24:45 Hank Pym
41%
1:15 | 4:15 | 6:00 | 6:15 Happy Hogan
41%
12:30 Hela
38%
17:15 L'Ancien
38%
3:15 | 5:30 Maria Hill
38%
7:00 Wong
38%
17:00 Ego
37%
14:15 Valkyrie
35%
3:45 | 9:00 Phil Coulson
34%
4:15 | 4:30 Heimdall
31%
12:45 Okoye
31%
2:00 | 4:00 Howard Stark
28%
7:30 Le Mandarin
27%
22:00 Iron Monger / Obadiah Stane
26%
19:00 Le Vautour / Adrian Toomes
26%
8:15 Sif
26%
7:45 Ronan L'Accusateur
25%
2:00 Dormammu
24%
8:45 Malekith
23%
8:15 Arnim Zola
22%
18:30 L'Abomination / Emil Blonsky
22%
2:30 Le Collectionneur
21%
20:45 Whiplash / Ivan Vanko
21%
15:45 Hope Van Dyne
20%
2:30 Sharon Carter
20%
14:30 Yellowjacket / Darren Cross
20%
13:45 | 6:30 Erik Selvig
19%
4:00 May Parker
19%
2:45 Michelle Jones
19%
4:30 | 7:00 Cassie Lang
17%
13:15 | 22:00 Bucky Barnes
16%
22:15 Erik Killmonger / N'Jadaka
16%
27:00 Betty Ross
15%
13:45 Ned Leeds
14%
8:30 | 8:45 Darcy Lewis
13%
16:30 Justin Hammer
13%
12:45 Kaecilius
13%
5:30 Le Grand Maître
13%
7:00 | 8:30 Luis
13%
12:45 Alexander Pierce
12%
9:15 Janet Van Dyne
12%
3:15 Korg
12%
12:00 Aldrich Killian
11%
16:45 Nakia
11%
16:15 | 6:00 Yondu Udonta
11%
10:30 Helmut Zemo
10%
12:45 Christine Palmer
9%
12:45 Le Fantôme / Ava Starr
9%
7:00 Volstagg
9%
7:00 Fandral
8%
15:00 Thaddeus Ross
8%
4:30 Ebony Maw
7%
6:30 Hogun
7%
6:45 Ramonda
7%
4:00 Proxima Midnight
6%
12:00 Everett Ross
5%
10:45 Ho Yinsen
5%
9:45 Liz Toomes
5%
8:15 Zuri
5%
1:45 Dum Dum Dugan
4%
4:00 Jasper Sitwell
4%
17:45 Karl Mordo
4%
6:45 Skurge
4%
8:30 Abraham Erskine
3%
8:30 Bill Foster
3%
6:15 Brock Rumlow
3%
9:15 Chester Phillips
3%
3:45 Christine Everhart
3%
6:15 Kurse
3%
4:30 Le Shocker / Herman Schultz
3%
6:00 Raza
3%
7:15 Ulysses Klaue
3%
7:15 W'Kabi
3%
1:45 Abu Bakaar
2%
Avengers
2%
2:45 Dave
2%
6:15 Harley Keener
2%
Iron Man 2
2%
2:45 Kurt
2%
8:45 Maya Hansen
2%
7:30 Samuel Sterns
2%
2:15 Sénateur Stern
2%
Captain America : Le Soldat de l'Hiver
1%
6:00 Eric Savin
1%
2:15 Heinz Kruger
1%
6:00 Ian Boothby
1%
Iron Man 3
1%
4:30 Jim Paxton
1%
2:45 Jonathan Pangborn
1%
2:15 Leonard Samson
1%
Les Gardiens de la Galaxie
1%
7:00 Sonny Burch
1%
3:45 Tinkerer / Phineas Mason
1%
Ant-Man et La Guêpe
0%
Avengers : Infinity War
0%
Avengers : L'Ère d'Ultron
0%
Captain America : Civil War
0%
Captain America : The First Avenger
0%
3:00 Ellen Brandt
0%
5:30 James Woo
0%
2:15 Kathleen Sparr
0%
4:45 Kraglin Obfonteri
0%
Les Gardiens de la Galaxie Vol.2
0%
L'Incroyable Hulk
0%
3:45 Lucian Aster
0%
1:30 Nicodemus West
0%
3:00 Rhomann Dey
0%
Spider-Man : Homecoming
0%
Thor : Le Monde des Ténèbres
0%
Thor : Ragnarok
0%
Aucun quiz correspondant
Distribution des résultats
% des personnes avec chaque résultat
Percentile par nombre de réponses
Votre historique - résultats
Vous n’avez pas pris ce quiz